000 00705nam a22002537a 4500
001 BR8902711
003 BR-BrBNA
005 20230928093229.0
007 ta
008 230509b bl.||||| |||| 00| 0 por d
040 _aBR-BrBNA
_bpor
_cBiblioteca Nacional de Agricultura
041 _a(Spa)
072 _aE70
090 _ E70 BR8902711
110 1 _aSuperintendencia do Desenvolvimento do Nordeste, Recife, PE (Brasil)
245 1 _aGrados y estandares [mercado produtor, comercializacao]
260 3 _aRecife, PE (Brasil):
_c1972.
300 _a20 p.
650 _aMERCADO PRODUTOR
650 _aCOMERCIALIZACAO
650 _aPRECO
909 _a202309
_bLucia
_c55
_dLucia Elande
942 _cBK
999 _c43755
_d43755